Southville International School and Colleges
Your cart is empty.
  • Cart
  • Lists
    Public lists Eva Luna New books Lux_list list_1
    Your lists Log in to create your own lists
  • Log in to your account
  • Your cookies
  • Search history
Southville International School and Colleges
  • Advanced search
  • Recent comments
  • Most popular
  • Libraries

Log in to your account

Log in with GOOGLE


If you do not have an external account, but do have a local account, you can still log in:

  1. Home
  2. MARC view: Where are the children ?
Normal view MARC view ISBD view

Where are the children ? (Record no. 10781)

[ view plain ]
MARC details
000 -LEADER
fixed length control field 00647nam a22002297a 4500
003 - CONTROL NUMBER IDENTIFIER
control field LC
005 - DATE AND TIME OF LATEST TRANSACTION
control field 20160301143048.0
008 - FIXED-LENGTH DATA ELEMENTS--GENERAL INFORMATION
fixed length control field 130910t xxu||||| |||| 00| 0 eng d
020 ## - INTERNATIONAL STANDARD BOOK NUMBER
International Standard Book Number 0671219421
020 ## - INTERNATIONAL STANDARD BOOK NUMBER
International Standard Book Number 9780671219420
050 ## - LIBRARY OF CONGRESS CALL NUMBER
Classification number PS 3553
Item number .C592 1975
082 ## - DEWEY DECIMAL CLASSIFICATION NUMBER
Classification number FIC
Item number C54w 1975
100 ## - MAIN ENTRY--PERSONAL NAME
Personal name Clark, Mary Higgins.
9 (RLIN) 17655
245 ## - TITLE STATEMENT
Title Where are the children ?
Statement of responsibility, etc Mary Higgins Clark
260 ## - PUBLICATION, DISTRIBUTION, ETC. (IMPRINT)
Place of publication, distribution, etc London :
Name of publisher, distributor, etc Fontana /Collins,
Date of publication, distribution, etc 1975.
300 ## - PHYSICAL DESCRIPTION
Extent 191 p.
Dimensions 18 cm.
650 ## - SUBJECT ADDED ENTRY--TOPICAL TERM
Topical term or geographic name as entry element Mother and child -- Fiction.
650 ## - SUBJECT ADDED ENTRY--TOPICAL TERM
Topical term or geographic name as entry element Children -- Death -- Fiction.
650 ## - SUBJECT ADDED ENTRY--TOPICAL TERM
Topical term or geographic name as entry element Massachusetts -- Fiction.
942 ## - ADDED ENTRY ELEMENTS (KOHA)
Source of classification or shelving scheme Library of Congress Classification
Koha item type Books
Holdings
Withdrawn status Lost status Source of classification or shelving scheme Damaged status Home library Current library Shelving location Date acquired Total Checkouts Total Renewals Full call number Barcode Date last seen Date checked out Copy number Price effective from Koha item type
    Library of Congress Classification   Luxembourg Library Luxembourg Library Fiction Section 09/10/2013 4 5 PS 3553 .C592 1975 3371 11/25/2016 11/19/2016 1 09/10/2013 Books

Where are the children ?

APA

Clark M. H., . (1975). Where are the children ?. London: Fontana /Collins.

Chicago

Clark Mary Higgins, . 1975. Where are the children ?. London: Fontana /Collins.

Harvard

Clark M. H., . (1975). Where are the children ?. London: Fontana /Collins.

MLA

Clark Mary Higgins, . Where are the children ?. London: Fontana /Collins. 1975.

  • Place hold
  • Print
  • Cite
  • Add to your cart (remove)
  • Save record
    BIBTEX Dublin Core MARCXML MARC (non-Unicode/MARC-8) MARC (Unicode/UTF-8) MARC (Unicode/UTF-8, Standard) MODS (XML) RIS
  • More searches
    Search for this title in:
    Other Libraries (WorldCat) Other Databases (Google Scholar) Online Stores (Bookfinder.com) Open Library (openlibrary.org)

Exporting to Dublin Core...

SOUTHVILLE LIBRARY

Southville International School and Colleges Library

1281 Tropical Ave. Cor. Luxembourg St., BF Homes International, Las Pinas City

Tel. No. 8256374 / 252358 Loc. 117/146

Powered by Koha